000 00702cam a22002411 4500
999 _c3083
_d3083
001 290603
005 20170607124221.0
008 690103s1968 enk 001 0aeng
010 _a 68141468
015 _aB68-20473
040 _aDLC
_cDLC
_dDLC
043 _af-gh---
050 0 0 _aDT510.6.N5
_bA3
082 0 0 _a320.9/667
100 1 _aNkrumah, Kwame,
_d1909-1972.
_932257
245 1 0 _aDark days in Ghana,
_cby Kwame Nkrumah.
260 _aLondon,
_bLawrence & Wishart,
_c1968.
300 _a167 p.
_c19 cm.
350 _a12/6
651 0 _aGhana
_xPolitics and government
_y1957-1979.
_923604
906 _a7
_bcbc
_corignew
_du
_encip
_f19
_gy-gencatlg
942 _2lcc
_cMONOGRAPH